Tracing the history of houses (Record no. 113158)

MARC details
000 -LEADER
fixed length control field 00841cam a22002295a 4500
001 - CONTROL NUMBER
control field L154794
008 - FIXED-LENGTH DATA ELEMENTS--GENERAL INFORMATION
fixed length control field 120118s2011 xxk f 000 0 eng d
020 ## - INTERNATIONAL STANDARD BOOK NUMBER
International Standard Book Number 9781846742651
035 ## - SYSTEM CONTROL NUMBER
System control number (Sirsi) u154794
041 0# - LANGUAGE CODE
Language code of text/sound track or separate title eng
050 04 - LIBRARY OF CONGRESS CALL NUMBER
Classification number 720.9 $2 18
100 1# - MAIN ENTRY--PERSONAL NAME
Personal name Yorke, Trevor
245 00 - TITLE STATEMENT
Title Tracing the history of houses
260 ## - PUBLICATION, DISTRIBUTION, ETC.
Place of publication, distribution, etc. Berkshire
Name of publisher, distributor, etc. Countryside Books
Date of publication, distribution, etc. 2011
350 ## - PRICE (NR) (BK AM CF MU VM SE) [OBSOLETE]
Price 9.95
520 ## - SUMMARY, ETC.
Summary, etc. Gives details on how to date a house using its physical features as a guide. Also details how to spot changes that have been made to a property over the centuries. Includes information on sources that can help with dating a property and its history, with a list of useful websites and a detailed glossary.
590 ## - LOCAL NOTE (RLIN)
Local note KA
651 #4 - SUBJECT ADDED ENTRY--GEOGRAPHIC NAME
Geographic name United Kingdom
Chronological subdivision
690 ## - LOCAL SUBJECT ADDED ENTRY--TOPICAL TERM (OCLC, RLIN)
Topical term or geographic name as entry element Residential property
9 (RLIN) 6266
942 ## - ADDED ENTRY ELEMENTS (KOHA)
Suppress in OPAC 0
Holdings
Withdrawn status Lost status Source of classification or shelving scheme Damaged status Not for loan Home library Current library Shelving location Date acquired Total Checkouts Full call number Barcode Date last seen Copy number Price effective from Koha item type
    Dewey Decimal Classification     London London Books 18/01/2012   720.9 YOR 30077273 06/08/2019 1 06/08/2019 Book